| 000 | 00000nam 2200000zi 4500 |
| 001 | 9.944619 |
| 003 | CaOODSP |
| 005 | 20250107144100 |
| 006 | m o d f |
| 007 | cr mn||||||||| |
| 008 | 241029e20241129onca obs f000 0 eng d |
| 020 | |a9780660742441 |
| 040 | |aCaOODSP|beng|erda|cCaOODSP |
| 043 | |an-cn--- |
| 045 | |ay2y2 |
| 086 | 1 |aCS13-605/2024-1-7E-PDF |
| 245 | 04|aThe 2021 to 2023 revisions of the income and expenditure accounts. |
| 264 | 1|a[Ottawa] : |bStatistics Canada = Statistique Canada, |cNovember 29, 2024. |
| 264 | 4|c©2024 |
| 300 | |a1 online resource (10 pages) : |bcolour illustrations. |
| 336 | |atext|btxt|2rdacontent |
| 337 | |acomputer|bc|2rdamedia |
| 338 | |aonline resource|bcr|2rdacarrier |
| 490 | 1 |aLatest developments in the Canadian economic accounts, |x1705-9658 |
| 500 | |aIssued also in French under title: Révisions de 2021 à 2023 des comptes des revenus et dépenses. |
| 500 | |a"Catalogue no. 13-605-X." |
| 504 | |aIncludes bibliographical references. |
| 520 | |a"This article presents revisions to the Gross Domestic Product (GDP) by Income and by Expenditure Accounts (IEA) for the 2021-to-2023 period. The updated estimates were reflected in the 2023 Provincial and Territorial Economic Accounts estimates, released on November 7, 2024. Along with the new data released for the third quarter of 2024, updated GDP estimates are also being released for the first and second quarters of 2024. However, in accordance with standard revision practice, these estimates will continue to be updated in upcoming cycles, and therefore, are excluded from the analysis in this article"--Introduction, page 4. |
| 650 | 0|aGross domestic product|zCanada|vStatistics. |
| 650 | 0|aNational income|zCanada|vStatistics. |
| 655 | 7|aStatistics|2lcgft |
| 710 | 2 |aStatistics Canada, |eissuing body. |
| 775 | 08|tRévisions de 2021 à 2023 des comptes des revenus et dépenses.|w(CaOODSP)9.944620 |
| 830 | #0|aLatest developments in the Canadian economic accounts (Statistics Canada)|w(CaOODSP)9.898979 |
| 856 | 40|qPDF|s408 KB|uhttps://publications.gc.ca/collections/collection_2024/statcan/13-605-x/CS13-605-2024-1-7-eng.pdf |
| 856 | 4 |qHTML|sN/A|uhttps://www150.statcan.gc.ca/n1/pub/13-605-x/2024001/article/00007-eng.htm |
| 986 | |a13-605-X |